Sports Quiz

Random Sports or Auto Racing Quiz

2017 Virgin Australia Supercars Drivers Quiz Stats

 Plays Quiz not verified by Sporcle

Challenge
Share
Tweet
Embed
Score 0/32 Timer 06:00
0 Plays Today
Number Driver % Correct
5.Mark Winterbottom
89.3%
7.Todd Kelly
87.8%
88.Jamie Whincup
87.8%
15.Rick Kelly
87%
2.Scott Pye
86.3%
12.Fabian Coulthard
86.3%
33.Garth Tander
85.5%
97.Shane van Gisbergen
85.5%
17.Scott McLaughlin
84.7%
22.James Courtney
84%
888.Craig Lowndes
84%
55.Chaz Mostert
81.7%
19.Will Davison
80.2%
9.David Reynolds
79.4%
6.Cam Waters
78.6%
23.Michael Caruso
77.1%
Number Driver % Correct
56.Jason Bright
77.1%
78.Simona De Silvestro
77.1%
18.Lee Holdsworth
75.6%
8.Nick Percat
74.8%
14.Tim Slade
74.8%
34.James Moffat
74%
62.Alex Rullo
69.5%
99.Dale Wood
65.6%
21.Tim Blanchard
64.1%
4.Macauley Jones
61%
3.Taz Douglas
60.3%
35.Todd Hazelwood
48.2%
31.James Golding
44.3%
28.Jack LeBrocq
40.5%
3.Matthew Brabham
40.2%
26.Shae Davies
39.1%

You're not logged in!

Compare scores with friends on all Sporcle quizzes.
OR
Log In

You Might Also Like...

Show Comments

Extras

Top Quizzes Today


Score Distribution

Your Account Isn't Verified!

In order to create a playlist on Sporcle, you need to verify the email address you used during registration. Go to your Sporcle Settings to finish the process.

Report this User

Report this user for behavior that violates our Community Guidelines.

Details: